| 000 | 01187cam a22003012 4500 | ||
|---|---|---|---|
| 999 |
_c7935 _d7935 |
||
| 001 | 7935 | ||
| 003 | BD - JhCC | ||
| 005 | 20180215134715.0 | ||
| 008 | 781025s1957 enkh 000 0 eng | ||
| 035 |
_aOCLC ocm04319753 from D961007M _a(BD - JhCC)7935 |
||
| 040 |
_aDLC _cLUU _dOCL _dEQO _dBD - JhCC |
||
| 041 | _aeng | ||
| 050 | 0 |
_aZ695 _b.S245 1957 |
|
| 082 |
_a025.3 _bSAU 1957 |
||
| 100 | 1 |
_aSaunders, W. L. _q(Wilfred Leonard), _d1920-2007 |
|
| 245 | 1 | 0 |
_aCataloguing rules : _bauthor and title entries for the use of school librarians / _ccompiled for the School Library Association by W. L. Saunders [and] Norman Furlong. |
| 260 |
_a[London] : _bSchool Library Association, _c1957. |
||
| 300 |
_a8 p. _bfacsims. _c25 cm. |
||
| 500 | _aCover title. | ||
| 500 | _a"An amended and simplified version of Library Asociation and American Library Association Cataloguing rules: author and title entries, Library Association, 1908, reprinted 1955." | ||
| 500 | _aCorrigenda slip mounted on p. [3] of cover. | ||
| 504 | _aBibliography: p. 6. | ||
| 650 | 0 | _aCataloging. | |
| 700 | 1 | _aFurlong, Norman. | |
| 710 | 2 | _aSchool Library Association. | |
| 942 |
_2ddc _cBK |
||